K otázkam harmonizácie a unifikácie medzinárodného obchodného práva
K pojmu medzinárodné obchodné právo. Globalizácia ako motor harmonizácie a unifikácie práva. Výhody unifikácie hmotného práva prostredníctvom soft-law. Aktuálne harmonizačné a unifikačné úsilia v oblasti medzinárodného obchodného práva.
Saved in:
| Main Author: | |
|---|---|
| Format: | Book Chapter |
| Language: | Slovak |
| Subjects: | |
| Tags: |
No Tags, Be the first to tag this record!
|
MARC
| LEADER | 00000naa a2200000 4500 | ||
|---|---|---|---|
| 001 | 0145129 | ||
| 005 | 20231208095512.4 | ||
| 041 | 0 | |a slo | |
| 044 | |a SK | ||
| 245 | 1 | 0 | |a K otázkam harmonizácie a unifikácie medzinárodného obchodného práva |c Jana Ďurechová |
| 520 | |a K pojmu medzinárodné obchodné právo. Globalizácia ako motor harmonizácie a unifikácie práva. Výhody unifikácie hmotného práva prostredníctvom soft-law. Aktuálne harmonizačné a unifikačné úsilia v oblasti medzinárodného obchodného práva. | ||
| 610 | 2 | 0 | |a právo obchodné |
| 610 | 2 | 0 | |a právo medzinárodné |
| 610 | 2 | 0 | |a pojmy |
| 610 | 2 | 0 | |a harmonizácia |
| 610 | 2 | 0 | |a unifikácia |
| 610 | 2 | 0 | |a globalizácia |
| 100 | 1 | |a Ďurechová, Jana | |